Variational method and method of monotone operators in the theory of nonlinear equations /

Guardado en:
Autor Principal: Vainberg, M. M.
Formato: Libro
Idioma:English
Russian
Publicado: New York : Jerusalem : Wiley ; Israel program for scientific translations, c1973.
Materias:
Etiquetas: Agregar Etiqueta
Sin Etiquetas, Sea el primero en etiquetar este registro!
LEADER 01247cam a2200289 4500
001 MAT.inmabb006931
008 730918s1973####nyu######b####001#0#eng##
005 20160802172326.0
245 1 0 |a Variational method and method of monotone operators in the theory of nonlinear equations /  |c M. M. Vainberg ; translated from Russian by A. Libin ; translation edited by D. Louvish. 
260 |a New York :  |b Wiley ;  |a Jerusalem :  |b Israel program for scientific translations,  |c c1973. 
300 |a xi, 356 p. ;  |c 25 cm. 
500 |a Traducción de: Variatìsionnyi metod i metod monotonnykh operatorov v teorii nelineinykh uravnenii. 
500 |a "A Halsted Press book." 
504 |a Incluye referencias bibliográficas (p. 341-353) e índice. 
510 4 |a MR,  |c 57 #7286b 
020 |a 0706513746 
020 |a 0470897759 
100 1 |a Vainberg, M. M.  |q (Mordukhai Moiseevich) 
240 1 0 |a Variatsionnyi metod i metod monotonnykh operatorov v teorii nelineinykh uravnenii.  |l Inglés 
650 0 |a Differential equations, Nonlinear. 
650 0 |a Calculus of variations. 
650 0 |a Monotone operators. 
084 |a 47Jxx  |2 msc2000 
010 |a  73016383  
040 |a DLC  |c DLC  |d DLC 
041 1 |a eng  |h rus 
859 |h 47  |i V131  |p A-4643  |b BIB. MATEMATICA